000 00605nam a2200193 u 4500
001 000003327
005 20200929150419.0
008 090708s1982 dr r 000 0 spa d
040 _aDO-SdBNP
_bspa
_cBNPHU
082 _a342.082
_bR426l
110 1 _aRepública Dominicana.
_9447
240 1 0 _aLeyes, etc
245 1 0 _aLey de migración.
260 _aSanto Domingo :
_bOficina Nacional de Administración y Personal,
_c1982.
300 _a66 p. ;
_c21cm.
440 0 _aColección leyes y códigos dominicanos
_910450
651 4 _aRepública Dominicana
_xEmigración E Inmigración
_9290
049 _aBNPD
999 _c3158
_d3158